[Event "2nd China Binhai Open 2020"]
[Site "Tianjin"]
[Date "2020.01.13"]
[Round "1.11"]
[White "Zhang, Ziji"]
[Black "Mi, Tenglong"]
[Result "1-0"]
[WhiteElo "2432"]
[BlackElo "1740"]
[Annotator "TA"]
[PlyCount "87"]
[EventDate "2020.01.13"]
[EventType "swiss"]
[EventRounds "9"]
[EventCountry "CHN"]

{[%evp 21,87,31,41,30,112,108,110,122,126,137,131,130,132,135,129,129,112,102,103,97,94,96,100,62,88,56,62,56,63,62,66,70,179,172,171,169,184,178,193,187,192,189,304,288,310,170,157,157,153,168,220,223,214,214,267,267,263,270,275,274,266,252,205,209,212,207,276,266]} 1. d4 Nf6 2. c4 g6 3. g3 Bg7 4. Bg2 O-O 5. Nc3 d6 6. Nf3 c5 7. O-O cxd4 8. Nxd4 Nc6 9. e3 Qc7 10. b3 Bd7 11. Bb2 a6 12. Rc1 {A39: Symmetrical English vs ...g6: 4 Bg2 Bg7 5 Nf3 Nf6 6 0-0 0-0 7 d4} Qb6 (12... Nxd4 $11 {keeps the balance.} 13. exd4 Rab8) (12... Qa5 13. Qd2 Rac8 14. Rfd1 Qh5 15. Nde2 g5 16. Nd4 Bh3 17. f3 Bxg2 18. Kxg2 Qg6 19. g4 e6 20. Qd3 Ne5 21. Qxg6 Nxg6 {1-0 (49) Petursson,G (2045)-Gardarsson,H (1586) Selfoss 2019}) 13. c5 $146 ({Predecessor:} 13. Re1 Rac8 14. c5 dxc5 15. Na4 Qd8 16. Nxc5 Nxd4 17. Nxb7 Rxc1 18. Bxc1 Ne2+ 19. Qxe2 Qb6 {1-0 (28) Mendez Acosta,A (1811)-Sanchez Martin,J (1794) Tenerife 2016}) 13... Qc7 14. cxd6 {White is better.} Qxd6 15. Nxc6 Bxc6 {[#]} 16. Qxd6 $1 exd6 17. Bxc6 bxc6 18. Na4 c5 19. Bxf6 Bxf6 20. Nb6 Ra7 21. Rfd1 Rd8 22. Rd5 Be7 23. Rd3 f5 24. Rc4 Kf7 25. Nd5 Bf8 26. e4 Bg7 {[#]} ({Better is} 26... fxe4 $14 27. Rxe4 Kg8) 27. exf5 $1 $18 gxf5 28. Ne3 Rc7 29. Nxf5 d5 30. Ra4 Rc6 31. Rh4 Bf6 (31... h6 $142 32. Rf3 Rf6) 32. Rh6 ({Weaker is} 32. Rxh7+ Kg6 $16) 32... Re6 33. Ne3 (33. g4 $142) 33... d4 34. Nc4 Kg7 35. Rh5 Rc8 (35... Be7 $142 36. f4 Kg6) 36. Kf1 Kg6 37. Rd5 Bg7 38. Rd1 Bf8 39. Re1 Rce8 40. Rxe6+ Rxe6 41. Ne5+ Kf5 42. Nd7+ {[%mdl 64] Discovered Attack} Ke4 43. Rxc5 ({Much less strong is} 43. Nxf8 $6 Kxd5 44. Nxe6 Kxe6) 43... Be7 {[#] intending ...d3.} 44. Ke2 $1 {Accuracy: White = 77%, Black = 55%.} 1-0

[Event "2nd China Binhai Open 2020"]
[Site "Tianjin"]
[Date "2020.01.13"]
[Round "1.12"]
[White "Jiang, Ming Rong"]
[Black "Munguntuul, Batkhuyag"]
[Result "0-1"]
[WhiteElo "1716"]
[BlackElo "2430"]
[PlyCount "68"]
[EventDate "2020.01.13"]
[EventType "swiss"]
[EventRounds "9"]
[EventCountry "CHN"]
[TimeControl "5400+30"]

1. e4 c5 2. Nf3 e6 3. d4 cxd4 4. Nxd4 Nc6 5. Nc3 Qc7 6. Be3 a6 7. Qf3 Nf6 8. O-O-O Ne5 9. Qg3 b5 10. a3 Bb7 11. Bxb5 Rc8 12. Ba4 Bxa3 13. Nde2 Be7 14. Bd4 Nc6 15. e5 Nh5 16. Qh3 Bg5+ 17. Kb1 Nf4 18. Qg4 Nxe2 19. Qxe2 O-O 20. Bc5 Rfd8 21. Rhf1 Qa5 22. Bd6 Bf4 23. Qe4 Bxe5 24. Bxe5 Nxe5 25. Qxb7 Rb8 26. Qe4 Qxc3 27. Bb3 Qa5 28. f4 Nc6 29. f5 Rxb3 30. cxb3 Nb4 31. Rf3 d5 32. Qd4 Rc8 33. Rc3 Qa2+ 34. Kc1 Qa1+ 0-1

[Event "2nd China Binhai Open 2020"]
[Site "Tianjin"]
[Date "2020.01.13"]
[Round "1.13"]
[White "Liu, Guanchu"]
[Black "Hu, Zhening"]
[Result "1-0"]
[WhiteElo "2432"]
[BlackElo "1708"]
[Annotator "TA"]
[PlyCount "125"]
[EventDate "2020.01.13"]
[EventType "swiss"]
[EventRounds "9"]
[EventCountry "CHN"]

{[%evp 13,124,38,32,9,2,4,27,10,0,0,27,9,10,10,29,38,41,30,31,33,51,28,41,32,97,96,80,66,58,61,58,37,98,93,91,63,69,71,89,95,177,166,138,14,14,14,16,16,12,14,19,22,22,22,22,6,22,16,15,11,114,99,137,140,292,317,308,305,520,510,907,907,907,824,907,907,891,885,875,860,849,833,912,892,807,769,1678,1605,29981,29982,29984,29985,29985,29983,29983,29984,29984,29985,29987,29988,29992,29993,29994,29995,29995,29996,29996,29997,29997,29998,29998,29999,29999]} 1. e4 c5 2. Nf3 d6 3. d4 cxd4 4. Nxd4 Nf6 5. Nc3 a6 6. Be3 e5 7. Nb3 Be7 8. Qd2 {B90: Sicilian Najdorf: Unusual White 6th moves, 6 Be3 Ng4 and 6 Be3 e5} (8. f3 Be6 9. Qd2 Nbd7 10. g4 O-O 11. g5 Nh5 12. Rg1 b5 13. Nd5 Bxd5 14. exd5 f5 15. h4 Qe8 16. O-O-O Bd8 17. Na5 Bb6 18. Nc6 {0-1 (52) Shirov,A (2664)-Caruana,F (2812) Douglas 2019}) 8... Ng4 $146 ({Predecessor:} 8... Be6 9. O-O-O Nbd7 10. f4 Ng4 11. g3 Nxe3 {1-0 (34) Felgaer,R (2591)-Valdes Escobar,A (2305) Santiago de Chile 2008}) 9. g3 Be6 10. O-O-O {White has an edge.} Nxe3 11. Qxe3 Nd7 12. f4 b5 13. Kb1 b4 (13... Qb6 $5 {[%cal Rb6e3]} 14. Qe2 O-O $11) 14. Nd5 Bxd5 15. Rxd5 O-O 16. Be2 Qc7 17. Rc1 a5 18. c3 a4 (18... bxc3 $14 19. Rxc3 Qd8) 19. cxb4 $16 Qb6 {[#]} 20. Qxb6 $1 (20. Nc5 exf4 21. gxf4 (21. Qxf4 $2 Nf6 $17) 21... Rfd8 $17) 20... Nxb6 21. Rb5 $1 $36 {[%mdl 2048] Black is under pressure.} axb3 22. Rxb6 {aiming for a3.} bxa2+ (22... Rxa2 $14 23. b5 exf4) 23. Ka1 g6 24. Rb7 Bf6 25. Bc4 Ra4 26. Bb3 Ra6 (26... Raa8 $16) 27. b5 $18 Ra5 28. b6 (28. f5 $16 {Black must now prevent Rcc7.} gxf5 29. Rcc7 (29. exf5 e4 $14)) 28... exf4 $11 29. gxf4 Rb5 30. Kxa2 {Hoping for Rc4.} Ra8+ 31. Ra7 Rxa7+ 32. bxa7 {[%mdl 4096] Endgame KRB-KRB} Ra5+ {[%mdl 64] Double Attack} 33. Kb1 Rxa7 34. Rc6 Be7 35. Bd5 Kg7 36. Kc2 h6 (36... f5 $11) 37. b4 $16 {[%cal Bb2b4,Bb4b5][%mdl 32] Strongly threatening b5.} Rb7 38. Kb3 g5 $2 {[#]} (38... Bh4 $16) 39. Rc8 $1 $18 Rd7 40. b5 {b6 is the strong threat.} Rd8 $2 (40... gxf4 {keeps fighting.} 41. b6 f3) 41. Rc7 Rb8 (41... Kf6 $142 42. fxg5+ hxg5) 42. Rxe7 Rxb5+ {KRB-KR} 43. Kc3 gxf4 44. Rxf7+ {[%mdl 64] Double Attack} Kg6 45. Rxf4 Rc5+ 46. Kd3 Rc1 47. h4 Rg1 48. Bf7+ Kg7 49. h5 Rg5 50. Kd4 Re5 51. Bg6 {White mates.} Re7 52. Kd5 Ra7 53. Rf3 Ra6 54. Rf7+ Kg8 55. Rd7 Ra5+ 56. Ke6 Ra1 57. Kf6 {[%cal Rd7d8]} Rf1+ 58. Bf5 Rxf5+ 59. exf5 d5 60. Kg6 {[%cal Rd7d8]} Kf8 61. f6 {[%cal Rd7d8]} Ke8 62. Rxd5 Kf8 63. Rd8# {Accuracy: White = 78%, Black = 28%.} 1-0

[Event "2nd China Binhai Open 2020"]
[Site "Tianjin"]
[Date "2020.01.13"]
[Round "1.14"]
[White "Li, Zimeng"]
[Black "Lin, Yi"]
[Result "0-1"]
[WhiteElo "1678"]
[BlackElo "2415"]
[PlyCount "112"]
[EventDate "2020.01.13"]
[EventType "swiss"]
[EventRounds "9"]
[EventCountry "CHN"]
[TimeControl "5400+30"]

1. e4 c5 2. Nf3 e6 3. d4 cxd4 4. Nxd4 Nc6 5. Nc3 Qc7 6. Be2 a6 7. O-O b5 8. a3 Bb7 9. Nxc6 Bxc6 10. Be3 Nf6 11. Bd3 Bb7 12. Qe2 h5 13. h3 h4 14. Rad1 Rc8 15. Qf3 Bd6 16. Bd4 Be5 17. Qe3 Bxd4 18. Qxd4 Qc5 19. Qxc5 Rxc5 20. f3 Ke7 21. Ne2 g5 22. b3 d5 23. exd5 Nxd5 24. Kf2 Rhc8 25. c4 bxc4 26. Bxc4 a5 27. Bd3 Nc3 28. Nxc3 Rxc3 29. Bc4 Rc2+ 30. Kg1 Rd8 31. Rxd8 Kxd8 32. Rd1+ Ke7 33. a4 Bc6 34. Kf1 Be8 35. Re1 Kd6 36. Re2 Rxe2 37. Kxe2 Kc5 38. Ke3 Bc6 39. Kd3 Bd7 40. Kc3 f6 41. Be2 Bc6 42. Bc4 Bd5 43. Bd3 e5 44. Be4 Be6 45. Bc2 Bc8 46. Bd3 Bb7 47. Kc2 Kb4 48. Kb2 Bd5 49. Bc2 Bf7 50. Bd1 Be6 51. Bc2 Bd5 52. Bd1 e4 53. fxe4 Bxe4 54. Bg4 Bxg2 55. Bf5 Bd5 56. Bc2 Be6 0-1

[Event "2nd China Binhai Open 2020"]
[Site "Tianjin"]
[Date "2020.01.13"]
[Round "1.15"]
[White "Huang, Renjie"]
[Black "Ha, Yihan"]
[Result "1-0"]
[WhiteElo "2416"]
[BlackElo "1657"]
[Annotator "RC"]
[PlyCount "91"]
[EventDate "2020.01.13"]
[EventType "swiss"]
[EventRounds "9"]
[EventCountry "CHN"]
[TimeControl "5400+30"]

1. e4 c6 2. d4 d5 3. e5 Bf5 4. Nf3 e6 5. Be2 Nd7 6. O-O Ne7 7. c3 h6 8. Nbd2 g5 9. Re1 Bh7 10. Nf1 Bg7 11. Ng3 O-O 12. Nh5 f5 13. exf6 Nxf6 14. Nxg7 Kxg7 15. Bd3 Bxd3 16. Qxd3 Ne4 17. Be3 Ng6 18. Ne5 Nxe5 19. dxe5 g4 20. c4 Qe7 21. Qe2 Qh4 22. cxd5 cxd5 23. Rac1 Rf7 24. Rc2 a6 25. b4 Raf8 26. Rec1 Rf5 27. Rc7+ Kg6 28. Rc8 Rxc8 29. Rxc8 Kg7 30. Qc2 Rf7 31. Re8 g3 32. hxg3 Qg4 33. Bf4 Qf5 34. Qc8 Ng5 35. Rh8 Rf8 36. Rxf8 Qxf8 37. Qxb7+ Kg6 38. Qxa6 Qf5 39. b5 Qb1+ 40. Kh2 Qd1 41. Bxg5 Kxg5 42. Qxe6 Qh5+ 43. Qh3 Qe2 44. Qh4+ Kg6 45. Qf6+ Kh7 46. Qf7+ 1-0

[Event "2nd China Binhai Open 2020"]
[Site "Tianjin"]
[Date "2020.01.13"]
[Round "1.16"]
[White "Zhang, Yichi"]
[Black "Xu, Minghui"]
[Result "0-1"]
[WhiteElo "1638"]
[BlackElo "2406"]
[PlyCount "88"]
[EventDate "2020.01.13"]
[EventType "swiss"]
[EventRounds "9"]
[EventCountry "CHN"]
[TimeControl "5400+30"]

1. e4 c6 2. d4 d5 3. exd5 cxd5 4. Nf3 Nc6 5. Bd3 Qc7 6. c3 Bg4 7. O-O e6 8. Be3 Bd6 9. h3 Bh5 10. Nbd2 Nge7 11. Re1 h6 12. Be2 O-O 13. Nh4 Bxe2 14. Qxe2 Nf5 15. Nxf5 exf5 16. Nf3 Rae8 17. Qb5 Qd7 18. Bd2 Re4 19. Kh1 Bb8 20. a4 a6 21. Qf1 Rfe8 22. b4 Qd6 23. g3 Qe6 24. Rxe4 fxe4 25. Nh2 Ne7 26. Ng4 h5 27. Ne3 h4 28. Qg2 hxg3 29. fxg3 Nf5 30. Nxf5 Qxf5 31. Rf1 Qd7 32. a5 e3 33. Be1 Re4 34. g4 Qb5 35. Rf5 Rf4 36. Rxf4 Bxf4 37. Qf3 g5 38. h4 Qd3 39. hxg5 Qh7+ 40. Kg2 Qh2+ 41. Kf1 Bxg5 42. Qg2 e2+ 43. Qxe2 Qh1+ 44. Kf2 Bh4+ 0-1

[Event "2nd China Binhai Open 2020"]
[Site "Tianjin"]
[Date "2020.01.13"]
[Round "1.17"]
[White "Zhao, Chenxi"]
[Black "Zhang, Lehan B"]
[Result "1-0"]
[WhiteElo "2396"]
[BlackElo "1620"]
[Annotator "TA"]
[PlyCount "119"]
[EventDate "2020.01.13"]
[EventType "swiss"]
[EventRounds "9"]
[EventCountry "CHN"]

{[%evp 9,119,17,20,20,24,19,33,0,15,0,0,0,6,0,0,-31,0,0,-12,-41,-33,-31,-8,-12,10,13,24,-2,6,-2,27,11,15,16,72,64,154,115,131,109,106,109,106,107,106,90,131,130,121,140,168,163,161,157,185,175,175,172,183,171,161,174,181,154,159,158,156,159,156,159,157,151,158,159,334,329,859,150,160,173,256,248,276,259,269,248,306,242,314,311,327,336,373,406,520,379,553,491,700,636,738,748,683,580,12837,12837,12837,12832,29984,29985,29985,29986]} 1. e4 c5 2. Nf3 d6 3. Bb5+ Bd7 4. a4 g6 5. O-O Bg7 6. Re1 {B52: Sicilian: Moscow Variation with 3...Bd7} a6 7. Bxd7+ Qxd7 (7... Nxd7 8. c3 Ngf6 9. d4 O-O 10. h3 cxd4 11. cxd4 {1-0 (57) Sasikiran,K (2656)-Can,E (2600) Moscow 2019}) 8. Nc3 {White is slightly better.} e6 9. d4 $146 ({Predecessor:} 9. a5 Qc7 10. d4 cxd4 11. Nxd4 Ne7 12. Be3 Nd7 13. Na4 O-O {1-0 (36) Triantafillidis,S (1721)-Righi,S (1795) Duesseldorf 2016}) 9... cxd4 10. Nxd4 Ne7 11. Bg5 Nbc6 12. Nf3 h6 13. Be3 Qc7 14. Qc1 g5 15. Rd1 Ng6 16. Ne2 {[%cal Bc3e2,Be2d4,Bd4f3][%mdl 32]} Nce5 17. Nxe5 Bxe5 18. Ra3 {[%cal Ba1a3,Ba3b3,Bb3b4][%mdl 32]} Rc8 19. Nd4 Ke7 20. Rb3 Rhd8 21. c3 Nf4 (21... Kf8 $11 {keeps the balance.}) 22. Qc2 $16 f6 (22... Ng6 $14) 23. Bxf4 gxf4 24. Nf3 Rd7 25. Rb4 Qc6 26. Qe2 Rdc7 27. Nd4 Qe8 28. Qg4 Qg8 29. Qh3 $1 Qf7 30. Qxh6 Rg8 31. Qh3 Rg7 32. Nf3 Qg6 33. Nxe5 fxe5 34. Rb6 Rd7 {[#]} 35. Qf3 $1 Qg5 36. c4 Qg4 {( -> ...Qxf3)} 37. Qxg4 Rxg4 {[%mdl 4096] Endgame KRR-KRR} 38. f3 Rg8 39. c5 {[%cal Rd1d6]} d5 40. exd5 exd5 41. Kf2 Kd8 $2 (41... Kf7 $16 42. Re1 Re8) 42. c6 $18 bxc6 $2 (42... Rd6 43. Rxb7 Rgg6) 43. Rxc6 $2 (43. Rb8+ $18 {and the rest is easy.} Kc7 44. Rxg8) 43... Ke7 $16 44. Re1 ({Don't take} 44. Rxa6 Rb8 $16) 44... Rg5 (44... Rd6 $142 45. Rxe5+ Kf6 46. Rxd6+ Kxe5 47. Rxa6 Rb8) 45. Rxa6 $18 Rb7 {[#]} 46. Re2 $1 Rb4 47. a5 {[%cal Ba4a5,Ba5a6][%mdl 32]} Kd7 48. Rd2 d4 49. Rh6 Rb5 50. h4 Rf5 51. a6 {Strongly threatening Rh8.} Rf8 52. h5 Ra8 (52... Kc7 {was called for.} 53. Ke2 Rb3) 53. Re2 d3 (53... Ra5 $142 54. b4 R5xa6 55. Rxa6 Rxa6 56. Rxe5 Kd6) 54. Rd2 Rd5 55. b4 {[%cal Bb2b4,Bb4b5,Bb5b6][%mdl 32]} Kc7 {[#]} 56. b5 $1 Rad8 (56... Rxb5 57. Rxd3) 57. b6+ Kb8 58. Rh7 {Intending a7+ and mate.} Rc5 59. a7+ Ka8 {[#]} 60. Rxd3 $3 {[%mdl 512] Accuracy: White = 68%, Black = 35%.} 1-0

[Event "2nd China Binhai Open 2020"]
[Site "Tianjin"]
[Date "2020.01.13"]
[Round "1.18"]
[White "Yu, Zhuoming"]
[Black "Ning, Kaiyu"]
[Result "0-1"]
[WhiteElo "1618"]
[BlackElo "2353"]
[PlyCount "78"]
[EventDate "2020.01.13"]
[EventType "swiss"]
[EventRounds "9"]
[EventCountry "CHN"]
[TimeControl "5400+30"]

1. d4 d5 2. e3 Nf6 3. c4 e6 4. Nf3 b6 5. b3 Bb7 6. Bb2 Nbd7 7. Nbd2 Bd6 8. g3 dxc4 9. bxc4 c5 10. Bg2 cxd4 11. exd4 O-O 12. O-O Rc8 13. Rc1 Rc7 14. Qa4 Qa8 15. Ne1 Rfc8 16. Bxb7 Qxb7 17. Ng2 h5 18. Qb3 Qa6 19. h4 Ng4 20. Ne4 Be7 21. Nf4 Rxc4 22. Nxh5 Rxc1 23. Rxc1 Rxc1+ 24. Bxc1 Qe2 25. Qb1 f5 26. Nf4 Qxe4 27. Qxe4 fxe4 28. Nxe6 Ndf6 29. Bf4 Nd5 30. Bb8 Kf7 31. Nc7 Nxc7 32. Bxc7 Ke6 33. Kf1 Bf6 34. Bb8 Bxd4 35. Bxa7 Bxf2 36. a4 Kd5 37. a5 bxa5 38. Bxf2 Nxf2 39. Kxf2 a4 0-1

[Event "2nd China Binhai Open 2020"]
[Site "Tianjin"]
[Date "2020.01.13"]
[Round "1.19"]
[White "Nie, Xinyang"]
[Black "Zhai, Pinran"]
[Result "1-0"]
[WhiteElo "2348"]
[BlackElo "1612"]
[PlyCount "51"]
[EventDate "2020.01.13"]
[EventType "swiss"]
[EventRounds "9"]
[EventCountry "CHN"]
[TimeControl "5400+30"]

1. d4 d5 2. c4 e6 3. Nc3 Nf6 4. Bg5 Be7 5. e3 Nbd7 6. cxd5 Nxd5 7. Bxe7 Qxe7 8. Nf3 a6 9. Bd3 Nxc3 10. bxc3 Nf6 11. O-O O-O 12. a4 Bd7 13. Ne5 Bc6 14. Qc2 Qd6 15. Rfb1 b6 16. c4 Bd7 17. a5 Rfb8 18. Rb2 h6 19. Rab1 b5 20. Nxd7 Nxd7 21. cxb5 axb5 22. Rxb5 Rxb5 23. Bxb5 g6 24. Qc6 Rd8 25. Qxd6 cxd6 26. a6 1-0

[Event "2nd China Binhai Open 2020"]
[Site "Tianjin"]
[Date "2020.01.13"]
[Round "1.20"]
[White "Yang, Jingsen"]
[Black "Zhai, Mo"]
[Result "0-1"]
[WhiteElo "1606"]
[BlackElo "2366"]
[Annotator "RC"]
[PlyCount "133"]
[EventDate "2020.01.13"]
[EventType "swiss"]
[EventRounds "9"]
[EventCountry "CHN"]
[TimeControl "5400+30"]

1. e4 e5 2. Nf3 Nc6 3. Bb5 Nf6 4. O-O Bc5 5. d3 d6 6. h3 h6 7. c3 O-O 8. Nbd2 Bd7 9. a4 a5 10. Nc4 Re8 11. Be3 Bxe3 12. Nxe3 Ne7 13. Bc4 Bc6 14. Qb3 Rf8 15. Rfe1 Ng6 16. Nd5 Rb8 17. d4 Bxd5 18. Bxd5 Qe7 19. dxe5 Nxe5 20. Nxe5 Qxe5 21. f3 Nh5 22. Qd1 Qg3 23. Qd2 Nf4 24. Kh1 Rfe8 25. Bc4 Re5 26. Bf1 Rg5 27. Re3 Re8 28. Rc1 Re6 29. Rc2 Reg6 30. Qf2 Nxh3 31. Qxg3 Rxg3 32. e5 Nf4 33. exd6 Rxd6 34. Kh2 Rg5 35. Re4 Ne6 36. Bc4 Kf8 37. Rce2 Ke7 38. f4 Rh5+ 39. Kg3 Kd7 40. Kg4 g6 41. Kf3 Rh1 42. Bxe6+ Rxe6 43. Rd4+ Ke7 44. Red2 Kf6 45. g3 h5 46. Rd7 Re7 47. R7d5 b6 48. b4 axb4 49. cxb4 Rf1+ 50. Kg2 Rb1 51. R5d4 Re3 52. a5 bxa5 53. bxa5 Rbb3 54. Ra4 Rxg3+ 55. Kf1 Rgf3+ 56. Ke2 Rfe3+ 57. Kf2 Rh3 58. Kg2 Rbg3+ 59. Kf2 h4 60. Ke1 Rh1+ 61. Ke2 Rh2+ 62. Kd1 Rxd2+ 63. Kxd2 h3 64. Ra1 h2 65. Rh1 Ra3 66. Rf1 Rxa5 67. Ke3 0-1

[Event "2nd China Binhai Open 2020"]
[Site "Tianjin"]
[Date "2020.01.13"]
[Round "1.21"]
[White "Kaiyrbekov, Rustam"]
[Black "Geng, Tiankai"]
[Result "1-0"]
[WhiteElo "2329"]
[BlackElo "1543"]
[PlyCount "95"]
[EventDate "2020.01.13"]
[EventType "swiss"]
[EventRounds "9"]
[EventCountry "CHN"]
[TimeControl "5400+30"]

1. d4 Nf6 2. c4 g6 3. Nc3 d5 4. Bf4 Bg7 5. e3 O-O 6. Nf3 c6 7. Bd3 Qb6 8. Qc2 Be6 9. c5 Qd8 10. O-O Nh5 11. h3 Nxf4 12. exf4 Qc8 13. Rfe1 a5 14. Na4 Nd7 15. Qd2 Qc7 16. Ng5 Bxd4 17. Rxe6 h6 18. Nxf7 Rxf7 19. Rxg6+ Bg7 20. f5 Ne5 21. Re6 Nxd3 22. Qxd3 Raf8 23. g4 Qf4 24. Nc3 Bd4 25. Rf1 Bf6 26. b3 h5 27. Ne2 Qg5 28. f4 Qh4 29. g5 Bg7 30. f6 exf6 31. g6 Rd7 32. Nd4 f5 33. Nxf5 Qd8 34. Nxg7 Rxg7 35. f5 Rf6 36. Rfe1 Rxe6 37. Rxe6 Qg5+ 38. Kh2 Qf4+ 39. Kg2 Qg5+ 40. Qg3 Qd2+ 41. Qf2 Qg5+ 42. Kh2 Kf8 43. Qe3 Qxe3 44. Rxe3 h4 45. Re6 Rd7 46. f6 Rd8 47. Kg2 d4 48. Rd6 1-0

[Event "2nd China Binhai Open 2020"]
[Site "Tianjin"]
[Date "2020.01.13"]
[Round "1.22"]
[White "Weng, Xintong"]
[Black "Li, Bo"]
[Result "0-1"]
[WhiteElo "1572"]
[BlackElo "2308"]
[Annotator "TA"]
[PlyCount "30"]
[EventDate "2020.01.13"]
[EventType "swiss"]
[EventRounds "9"]
[EventCountry "CHN"]

{[%evp 9,94,-9,-12,-58,-53,-76,-60,-69,-53,-91,-95,-172,-112,-115,-123,-145,-127,-126,-127,-152,-148,-161,-112,-98,-104,-95,-77,-75,-81,-80,-22,-44,-14,-20,0,-17,-23,-70,-70,-70,-70,-70,-70,-75,-73,-76,-76,-73,-73,-86,-79,-87,-87,-87,-70,-103,-94,-116,-97,-129,-130,-150,-141,-178,-162,-229,-224,-179,-169,-214,-210,-377,-376,-329,-317,-6616,-6079,-5125,-5118,-8183,-6683,-29987,-29988,-29988,-29989,-29989,-29990]} 1. c4 Nf6 2. Nc3 e5 3. g3 Bb4 4. Bg2 O-O 5. e4 d6 6. Nf3 {A22: English Opening: 1...e5 2 Nc3 Nf6.} Bxc3 7. bxc3 Nxe4 8. O-O {Black is slightly better.} Nf6 {[#]} 9. Ba3 $146 ({Predecessor:} 9. d4 e4 10. Ng5 Re8 11. f3 exf3 12. Qxf3 Nbd7 13. Qd3 c6 14. Be3 h6 15. Nf3 {0-1 (61) D4 (2376)-Green owl (2404) playchess.com INT 2006}) 9... Nc6 10. Rb1 {[#]} (10. d4 $17) 10... Na5 (10... e4 $1 $19 11. Ng5 Bf5) 11. d3 $17 Re8 12. Qa4 b6 13. Bb4 Bd7 14. Qc2 e4 15. Nd4 Nb7 {Played: c7-c5} 0-1

[Event "2nd China Binhai Open 2020"]
[Site "Tianjin"]
[Date "2020.01.13"]
[Round "1.23"]
[White "Li, Yunshan"]
[Black "Guan, Runpei"]
[Result "1-0"]
[WhiteElo "2287"]
[BlackElo "1561"]
[PlyCount "71"]
[EventDate "2020.01.13"]
[EventType "swiss"]
[EventRounds "9"]
[EventCountry "CHN"]
[TimeControl "5400+30"]

1. d4 d5 2. c4 c6 3. cxd5 cxd5 4. Bf4 Nc6 5. e3 Nf6 6. Nc3 Qb6 7. a3 Bf5 8. Na4 Qd8 9. b4 e6 10. Nc5 Bxc5 11. dxc5 e5 12. Bg5 d4 13. Bb5 Qd5 14. Nf3 Bg4 15. Bxf6 gxf6 16. Be2 Bxf3 17. gxf3 a6 18. e4 Qe6 19. Bd3 Rg8 20. h4 Ke7 21. Ke2 Rg2 22. Qa4 Qc8 23. Rag1 Qg8 24. Kf1 Rg6 25. Qb3 Qf8 26. a4 Qh6 27. Ke2 Qf8 28. b5 axb5 29. axb5 Na5 30. Qb4 Rxg1 31. Rxg1 Qd8 32. Rg7 Qf8 33. Rg1 Qd8 34. Rc1 Ke8 35. c6 Rc8 36. Rg1 1-0

[Event "2nd China Binhai Open 2020"]
[Site "Tianjin"]
[Date "2020.01.13"]
[Round "1.24"]
[White "Zhou, Yichen"]
[Black "Xi, Qi"]
[Result "1/2-1/2"]
[WhiteElo "1536"]
[BlackElo "2261"]
[PlyCount "106"]
[EventDate "2020.01.13"]
[EventType "swiss"]
[EventRounds "9"]
[EventCountry "CHN"]
[TimeControl "5400+30"]

1. Nf3 d5 2. g3 Nf6 3. Bg2 c6 4. O-O Bf5 5. d3 Nbd7 6. b3 e5 7. Bb2 Qc7 8. Nbd2 Bd6 9. Re1 O-O 10. e4 Bg6 11. Nh4 Bh5 12. Bf3 Bxf3 13. Qxf3 Rfe8 14. a3 a5 15. Rac1 Nc5 16. Qg2 Rad8 17. Nf5 Bf8 18. exd5 cxd5 19. a4 Ncd7 20. Ne3 d4 21. Nec4 Bb4 22. Re2 Nf8 23. Nf3 Ng6 24. Rf1 h6 25. h4 Re6 26. Qh3 Nd5 27. Qg4 Nf6 28. Qh3 Nd5 29. Qg4 Nf6 30. Qh3 Rde8 31. h5 Nf8 32. Qh4 N8d7 33. Qh1 Qc6 34. Ba1 Ng4 35. Bb2 R8e7 36. Nh4 Ngf6 37. Nf5 Re8 38. f3 b5 39. axb5 Qxb5 40. g4 Nd5 41. Bc1 f6 42. f4 Nc3 43. Ref2 Qc5 44. Qb7 Qd5 45. Qxd5 Nxd5 46. fxe5 fxe5 47. g5 hxg5 48. Bxg5 Rf8 49. Rg2 Kh7 50. Bd2 Rg8 51. Bxb4 axb4 52. Re2 Rge8 53. Ncd6 Rg8 1/2-1/2

[Event "2nd China Binhai Open 2020"]
[Site "Tianjin"]
[Date "2020.01.13"]
[Round "1.25"]
[White "Yan, Tianqi"]
[Black "Song, Ethan"]
[Result "1-0"]
[WhiteElo "2240"]
[BlackElo "1494"]
[PlyCount "141"]
[EventDate "2020.01.13"]
[EventType "swiss"]
[EventRounds "9"]
[EventCountry "CHN"]
[TimeControl "5400+30"]

1. e4 e5 2. Nf3 Nc6 3. Bb5 Nf6 4. d3 d6 5. O-O a6 6. Bxc6+ bxc6 7. d4 Bg4 8. dxe5 Nxe4 9. exd6 Nxd6 10. h3 Be6 11. Ne5 c5 12. Qf3 Be7 13. Nc6 Qd7 14. Nxe7 Kxe7 15. Qc3 c4 16. Qxg7 Rag8 17. Bg5+ Ke8 18. Qe5 h6 19. Bf6 Rh7 20. Nc3 Kf8 21. Rfe1 Rg6 22. g3 h5 23. h4 Qc6 24. Rad1 Qf3 25. Rxd6 Qxf6 26. Qxf6 Rxf6 27. Rxa6 Kg7 28. Rc6 Rh8 29. Rxc7 Bf5 30. Nd5 Ra6 31. Ne3 Bg6 32. a3 Rb8 33. Nxc4 Bxc2 34. b4 Rd8 35. b5 Ra4 36. b6 Bb3 37. Ne5 Bd5 38. b7 Rb8 39. Rb1 Ra7 40. Rd7 Raxb7 41. Rbxb7 Bxb7 42. Rxf7+ Kg8 43. Kh2 Bd5 44. Rf5 Be4 45. Rxh5 Kg7 46. Rg5+ Kh7 47. Nd7 Rd8 48. Nf6+ Kh6 49. Nxe4 Rd4 50. Nc5 Rd1 51. a4 Ra1 52. Rd5 Ra2 53. Kg2 Kg6 54. g4 Rc2 55. h5+ Kh6 56. Kg3 Rc3+ 57. Nd3 Ra3 58. Rd6+ Kg7 59. h6+ Kh7 60. g5 Rxa4 61. Rd7+ Kg8 62. g6 Ra8 63. Nc5 Kh8 64. Rh7+ Kg8 65. Rg7+ Kf8 66. Nd7+ Ke8 67. h7 Ra3+ 68. f3 Rxf3+ 69. Kxf3 Kd8 70. Nf6 Kc8 71. h8=Q# 1-0

[Event "2nd China Binhai Open 2020"]
[Site "Tianjin"]
[Date "2020.01.13"]
[Round "1.26"]
[White "Shao, Ziyang B"]
[Black "Zhu, Hengyi"]
[Result "0-1"]
[WhiteElo "1464"]
[BlackElo "2238"]
[PlyCount "90"]
[EventDate "2020.01.13"]
[EventType "swiss"]
[EventRounds "9"]
[EventCountry "CHN"]
[TimeControl "5400+30"]

1. e4 c5 2. Nf3 d6 3. d4 cxd4 4. Nxd4 Nf6 5. Nc3 a6 6. Bg5 Nbd7 7. f4 Qb6 8. Qd2 e5 9. Nb3 h6 10. Bxf6 Nxf6 11. f5 Qc7 12. O-O-O b5 13. a3 Bb7 14. Nd5 Bxd5 15. exd5 Rc8 16. Kb1 Be7 17. g3 Qb6 18. Bg2 Ng4 19. Rde1 Bg5 20. Qe2 Ne3 21. Be4 Nc4 22. Bd3 h5 23. h4 Bf6 24. g4 hxg4 25. Qxg4 Ke7 26. Rh3 Rc7 27. h5 a5 28. Re2 Qb7 29. Qe4 Kd7 30. Nd2 Nxd2+ 31. Rxd2 Qb6 32. Qe2 Rc5 33. Be4 Ke7 34. Rb3 Qb7 35. a4 b4 36. c3 Rb8 37. cxb4 axb4 38. Rc2 Rxc2 39. Qxc2 Rc8 40. Qd3 Rc5 41. Qd2 Rc4 42. Qe2 Qc7 43. Bc2 Rh4 44. Qe1 Qa5 45. Bd1 Qxd5 0-1